ბათუმის შოთა რუსთაველის სახელმწიფო უნივერსიტეტის ბიბლიოთეკა

ახალი მოთხრობები (ბიბ.ჩანაწერი № 42314)

000 -LEADER
fixed length control field 00774nam a2200229Ia 4500
001 - CONTROL NUMBER
control field 9009
003 - CONTROL NUMBER IDENTIFIER
control field GE_BSU
008 - FIXED-LENGTH DATA ELEMENTS--GENERAL INFORMATION
fixed length control field 181216s||||||||xx |||||||||||||| ||und||
040 ## - CATALOGING SOURCE
Transcribing agency GE_BSU
080 ## - UNIVERSAL DECIMAL CLASSIFICATION NUMBER
Universal Decimal Classification number 821.353.1–32
100 ## - MAIN ENTRY--PERSONAL NAME
Personal name კლდიაშვილი,სერგო
245 ## - TITLE STATEMENT
Title ახალი მოთხრობები
245 ## - TITLE STATEMENT
Remainder of title მოთხრობები
245 ## - TITLE STATEMENT
Statement of responsibility, etc. რედ.გ.ნატროშვილი.მხატვ.ცისია შანშიაშვილი.
260 ## - PUBLICATION, DISTRIBUTION, ETC.
Place of publication, distribution, etc. თბილისი
260 ## - PUBLICATION, DISTRIBUTION, ETC.
Name of publisher, distributor, etc. საბჭ.მწერალი
260 ## - PUBLICATION, DISTRIBUTION, ETC.
Date of publication, distribution, etc. 1950
300 ## - PHYSICAL DESCRIPTION
Extent 160გვ.17სმ.
653 ## - INDEX TERM--UNCONTROLLED
Uncontrolled term ახალი მოთხრობები
653 ## - INDEX TERM--UNCONTROLLED
Uncontrolled term მოთხრობები
942 ## - ADDED ENTRY ELEMENTS (KOHA)
Koha item type წიგნი
ეგზემპლარები
Withdrawn status Lost status Damaged status Not for loan Date acquired Barcode Date last seen Price effective from Koha item type Public note
        2018-12-17 31638 2018-12-17 2018-12-17 წიგნი  
        2018-12-17 22360 2018-12-17 2018-12-17 წიგნი აგრარული ტექ.ფაკ.